000 00694nam a2200253Ia 4500
003 OSt
005 20221007074249.0
006 a|||||r|||| 00| 0
007 ta
008 221006b |||||||| |||| 00| 0 eng d
024 _a21,962
037 _cTextual
040 _aFLL
_cFLL
_beng
041 _2eng
_aeng
082 _aZ2:801q, J1.3
100 _aChitaley V. V.
245 0 _aCode of criminal procedure (v of 1898)
250 _a5th
260 _aNagpur
_bAll India Reporter India
_c1951
300 _aiv,4396p
_ccm.
700 _a Rao K. N. Annaji
_9692858
942 _hZ2:801q, J1.3
_cTEXL
_2CC
999 _c1151740
_d1151740